Fact and fiction / (Record no. 3970)
[ view plain ]
| 000 -LEADER | |
|---|---|
| fixed length control field | 02493cam a22003974a 4500 |
| 001 - CONTROL NUMBER | |
| control field | 7784952 |
| 003 - CONTROL NUMBER IDENTIFIER | |
| control field | Nust |
| 005 - DATE AND TIME OF LATEST TRANSACTION | |
| control field | 20180709082825.0 |
| 008 - FIXED-LENGTH DATA ELEMENTS--GENERAL INFORMATION | |
| fixed length control field | 090616s2010 enk b 001 0 eng |
| 010 ## - LIBRARY OF CONGRESS CONTROL NUMBER | |
| LC control number | 2009024749 |
| 020 ## - INTERNATIONAL STANDARD BOOK NUMBER | |
| International Standard Book Number | 9780415487320 (pbk.) |
| Terms of availability | Rs. 688 |
| 020 ## - INTERNATIONAL STANDARD BOOK NUMBER | |
| International Standard Book Number | 0415487323 (pbk.) |
| 020 ## - INTERNATIONAL STANDARD BOOK NUMBER | |
| International Standard Book Number | 9780203864661 (eb) |
| 020 ## - INTERNATIONAL STANDARD BOOK NUMBER | |
| International Standard Book Number | 0203864662 (eb) |
| 024 ## - OTHER STANDARD IDENTIFIER | |
| Standard number or code | 99937688499 |
| 035 ## - SYSTEM CONTROL NUMBER | |
| System control number | (OCoLC)ocn352542384 |
| 035 ## - SYSTEM CONTROL NUMBER | |
| System control number | (OCoLC)352542384 |
| 035 ## - SYSTEM CONTROL NUMBER | |
| System control number | (NNC)7784952 |
| 038 ## - RECORD CONTENT LICENSOR | |
| Staff Name | Arshad |
| 040 ## - CATALOGING SOURCE | |
| Original cataloging agency | DLC |
| Transcribing agency | DLC |
| Modifying agency | YDX |
| -- | BWK |
| -- | BWX |
| -- | UKM |
| 050 00 - LIBRARY OF CONGRESS CALL NUMBER | |
| Classification number | B1649 |
| Item number | .R91 2010 |
| 082 00 - DEWEY DECIMAL CLASSIFICATION NUMBER | |
| Classification number | 192 |
| Edition number | 22 |
| Author Mark | RUS |
| 100 1# - MAIN ENTRY--PERSONAL NAME | |
| Personal name | Russell, Bertrand, |
| Dates associated with a name | 1872-1970. |
| 9 (RLIN) | 1985 |
| 245 10 - TITLE STATEMENT | |
| Title | Fact and fiction / |
| Statement of responsibility, etc. | Bertrand Russell. |
| 260 ## - PUBLICATION, DISTRIBUTION, ETC. | |
| Place of publication, distribution, etc. | London ; |
| -- | New York : |
| Name of publisher, distributor, etc. | Routledge, |
| Date of publication, distribution, etc. | c2010. |
| 300 ## - PHYSICAL DESCRIPTION | |
| Extent | xv, 304 p. ; |
| Dimensions | 20 cm. |
| 490 1# - SERIES STATEMENT | |
| Series statement | Routledge classics |
| 500 ## - GENERAL NOTE | |
| General note | Originally published: London : Allen & Unwin, 1961. |
| 504 ## - BIBLIOGRAPHY, ETC. NOTE | |
| Bibliography, etc. note | Includes bibliographical references and index. |
| 505 0# - FORMATTED CONTENTS NOTE | |
| Formatted contents note | Introduction -- Part I: Books that influenced me in youth -- The importance of Shelley -- The romance of revolt -- Revolt in the abstract -- Disgust and its antidote -- An education in history -- The pursuit of truth -- Part II: Politics and education -- What is freedom? -- What is democracy? -- A scientist's plea for democracy -- The story of colonization -- Pros and cons of nationalism -- The reasoning of Europeans -- The world I should like to live in -- Old and young cultures -- Education for a difficult world -- University education -- Part III: Divertissements -- Cranks -- The right will prevail or the road to Lhasa -- Newly discovered maxims of La Rochefoucauld -- Nightmares -- The fisherman's nightmare or 'magna est veritas' -- The theologian's nightmare -- Dreams -- Jowett -- God -- Henry the Navigator -- Prince Napoleon Louis -- The catalogue -- Parables -- Planetary effulgence -- The misfortune of being out of date -- Murderers' fatherland -- Part IV: Peace and war -- Psychology and East-West tension -- War and peace in my lifetime -- The social responsibilities of scientists -- Three essentials for a stable world -- Population pressure and war -- Vienna address -- Manchester address -- What neutrals can do to save the world -- The case for British neutralism -- Can war be abolished? -- Human life is in danger. |
| 650 #0 - SUBJECT ADDED ENTRY--TOPICAL TERM | |
| Topical term or geographic name entry element | Philosophy. |
| 9 (RLIN) | 1793 |
| 830 #0 - SERIES ADDED ENTRY--UNIFORM TITLE | |
| Uniform title | Routledge classics. |
| 9 (RLIN) | 11441 |
| 942 ## - ADDED ENTRY ELEMENTS (KOHA) | |
| Source of classification or shelving scheme | |
| Koha item type | Book |
| 948 1# - LOCAL PROCESSING INFORMATION (OCLC); SERIES PART DESIGNATOR (RLIN) | |
| Series part designator, SPT (RLIN) | 20100609 |
| b (OCLC) | c |
| c (OCLC) | sds12 |
| d (OCLC) | MPS |
| Withdrawn status | Lost status | Source of classification or shelving scheme | Damaged status | Not for loan | Collection code | Permanent Location | Current Location | Shelving location | Date acquired | Source of acquisition | Total Checkouts | Full call number | Barcode | Date last seen | Date last checked out | Copy number | Price effective from | Koha item type |
|---|---|---|---|---|---|---|---|---|---|---|---|---|---|---|---|---|---|---|
| Central Library (CL) | Central Library (CL) | Book Cart | 12/01/2016 | Purchased | 6 | 192 RUS | CL751 | 05/13/2026 | 05/27/2025 | 1 | 12/01/2016 | Book |
